| 000 | 00510cam a22001571 4500 | ||
|---|---|---|---|
| 082 |
_a335.4 _bHAR _cL-30II, p-134 |
||
| 100 | 2 |
_aLiddell Hart, Basil Henry, _937957 |
|
| 245 | 1 | 4 |
_aThe decisive wars of history; _ba study in strategy, _cby B.H. Liddell Hart. |
| 260 |
_aLahore, _bArmy Education Press., |
||
| 300 |
_ax, 242 p. _bmaps (part fold.) _c23 cm. |
||
| 526 |
_a0 _b0 _c0 _d335_400000000000000_HAR |
||
| 650 | 0 |
_aMCE _9379 |
|
| 650 | 0 |
_aMilitary history _91735 |
|
| 650 | 0 |
_aStrategy _937958 |
|
| 942 |
_2ddc _cBK |
||
| 999 |
_c542683 _d542683 |
||